000 00638nam a2200181Ia 4500
008 090123s9999 xx 000 0 und d
082 _b41868
100 _aहिरेमठ राजशेखर
245 _aभाषाशास्त्र परिचय
250 _a1
260 _bमेहता पब्लीशिंग हाउस
_c2007
300 _a90
600 _aहिरेमठ राजशेखर
630 _aभाषाशास्त्र परिचय
700 _aहिरेमठ राजशेखर
730 _aभाषाशास्त्र परिचय
942 _cBOOK
999 _c79945
_d79945